000 00367 a2200121 4500
001 ART_12831
005 20260410161909.0
008 260409a
245 1 0 _aHacia una teoria heterodoxa del costo
100 1 _aYardin, Amaro Ramón
700 1 _aDemonte, Norberto Gabriel
773 0 _tCostos y gestión
_g- Año 14, Nº 54 (dic. 2004)
_wREV12786
999 _c26663
_d26663